000
00253nam a22000857a 4500
008
160827b xxu||||| |||| 00| 0 eng d
100
_9
252
_a
Maanu Graphics
245
_a
Hind Swaraj or Indian Home rule:Mahatma Gandhi
260
_a
New Delhi
_b
Maanu Graphics
_c
1993
999
_c
2908
_d
2908